Modern Building Construction: (Record no. 170840)

MARC details
000 -LEADER
fixed length control field 00736nam a2200205 4500
003 - CONTROL NUMBER IDENTIFIER
control field OSt
005 - DATE AND TIME OF LATEST TRANSACTION
control field 20240722124723.0
008 - FIXED-LENGTH DATA ELEMENTS--GENERAL INFORMATION
fixed length control field 240716b |||||||| |||| 00| 0 eng d
040 ## - CATALOGING SOURCE
Original cataloging agency NUST
Language of cataloging eng
Transcribing agency NUST
Modifying agency NUST
Description conventions rda
050 ## - LIBRARY OF CONGRESS CALL NUMBER
Classification number TH145 MOD
100 ## - MAIN ENTRY--PERSONAL NAME
Dates associated with a name 1948
Relator term Editor
Fuller form of name Richard Greenhalgh
245 ## - TITLE STATEMENT
Title Modern Building Construction:
Remainder of title a comprehencive practical and authoritative guide for all engaged in the building industry Vol.1`/
260 ## - PUBLICATION, DISTRIBUTION, ETC.
Place of publication, distribution, etc. London:
Name of publisher, distributor, etc. Sir Isaac Pitman and Sons, LTD,
Date of publication, distribution, etc. 1948.
300 ## - PHYSICAL DESCRIPTION
Extent viii,561-1120 pages;
Other physical details illustrations
Dimensions 27 cm
336 ## - CONTENT TYPE
Source rdamedia
Content type term text
Content type code txt
337 ## - MEDIA TYPE
Source rdamedia
Media type term unmediated
Media type code n
338 ## - CARRIER TYPE
Source rdamedia
Carrier type term volume
Carrier type code nc
650 ## - SUBJECT ADDED ENTRY--TOPICAL TERM
Form subdivision Building
942 ## - ADDED ENTRY ELEMENTS (KOHA)
Source of classification or shelving scheme Library of Congress Classification
Suppress in OPAC No
Koha item type Ordinary Loan Books
Classification part TH145
Call number prefix TH
Call number suffix GRE
Holdings
Withdrawn status Lost status Source of classification or shelving scheme Damaged status Not for loan Collection Home library Current library Shelving location Date acquired Source of acquisition Cost, normal purchase price Total Checkouts Full call number Barcode Date last seen Accession number Cost, replacement price Price effective from Koha item type Public note
    LCC     NFIC FOBE FOBE GEN 07/16/2024 National Gallery of Zimbabwe 49.00   TH145 MOD 92004052590 07/16/2024 59351 49.00 07/16/2024 BOOKS Donation
    LCC     NFIC FOBE FOBE GEN 07/18/2024 National Gallary of Zimbabwe 49.00   TH145 MOD 92004052550 07/18/2024 59393 49.00 07/18/2024 BOOKS Donation